कदब का पेड़ / (Record no. 49693)

MARC details
000 -LEADER
fixed length control field 00949nam a22002417a 4500
005 - DATE AND TIME OF LATEST TRANSACTION
control field 20080915150959.0
008 - FIXED-LENGTH DATA ELEMENTS--GENERAL INFORMATION
fixed length control field 080915t xxu||||| |||| 00| 0 hin d
010 ## - LCCN (DPL NO)
LC control number HIN-91456
020 ## - INTERNATIONAL STANDARD BOOK NUMBER
Terms of availability 115.00
International Standard Book Number 8185478937
035 ## - SYSTEM CONTROL NUMBER
System control number HN-63802
037 ## - SOURCE OF ACQUISITION
Source of stock number/acquisition DBAD / PUB
040 ## - CATALOGING SOURCE
Original cataloging agency DPL
Language of cataloging HN
100 ## - MAIN ENTRY--PERSONAL NAME
9 (RLIN) 25136
Personal name दुबे, अश्विनीकुमार
245 ## - TITLE STATEMENT
Title कदब का पेड़ /
Statement of responsibility, etc अश्विनीकुमार दुबे
260 ## - PUBLICATION, DISTRIBUTION, ETC. (IMPRINT)
Place of publication, distribution, etc दिल्ली
Name of publisher, distributor, etc ज्ञन भारती
Date of publication, distribution, etc 2009
270 ## - ADDRESS
Address 4/14 रूप नगर
City दिल्ली
Postal code 110007
Fax number 011- 23254407
300 ## - PHYSICAL DESCRIPTION
Extent xv,85पृ
Dimensions 22 सेमी(सजिल्द)
650 ## - SUBJECT ADDED ENTRY--TOPICAL TERM
9 (RLIN) 1169
700 ## - ADDED ENTRY--PERSONAL NAME
9 (RLIN) 25138
700 ## - ADDED ENTRY--PERSONAL NAME
9 (RLIN) 25157
942 ## - ADDED ENTRY ELEMENTS (KOHA)
Institution code [OBSOLETE] dpl
Item type Hindi Books
Source of classification or shelving scheme Dewey Decimal Classification
Call number suffix 827दुबेअ
Holdings
Withdrawn status Lost status Source of classification or shelving scheme Damaged status Not for loan Collection code Home library Current library Date acquired Source of acquisition Cost, normal purchase price Total Checkouts Full call number Barcode Date last seen Copy number Cost, replacement price Koha item type
    Dewey Decimal Classification   Not For Loan Non-fiction D.B.Act.Division D.B.Act.Division 03/01/2011 DBAD /PUB 115.00   827 दुबेअ HN-63802 03/01/2011 1 115.00 Hindi Books

© Delhi Public Library
Hit Counter
free hit counter